LEADER 00809nam a2200217 i 4500 001 000000201216 003 CaOOAMICUS 005 20110422000000.0 008 110422n it u000 u ita u 013 $a179917 040 $aSeMil$bita 100 1 $aCima, Corradino.$0(OLS)http://semarc/name/63655 245 10$aReminiscenze verdiane /$cCorradino Cima. 260 $aMilano :$bAntonio Cordani,$c[1964] 300 $a7 p. ;$c21 cm. 500 $aTitolo da copertina. - Estratto da «Famiglia Meneghina» n. 1, 1964. 850 $aSeMil 852 $aSeMil$W1$xVenegono$y1$m5D VIII 15/27$j151742$B151742$CSeMilBibl$Z2$F162936 $81 961 $aOmaggio: Altro 996 $6245$aReminiscenze verdiane$9(OLS)http://semarc/title/291144 996 $6260$aMilano :$bAntonio Cordani$9(OLS)http://semarc/publisher/41197 LEADER 00951nam a2200241 i 4500 001 000000167392 003 CaOOAMICUS 005 20211213160754.0 008 071203s1965 it u000 u ita u 013 $a144766 040 $aSeMil$bita 100 1 $aWilder, Thornton,$d<1897-1975>.$0(OLS)http://semarc/name/57836 245 13$aIl ponte di San Luis Rey /$cThornton Wilder ; traduzione di Lauro De Bosis. 260 $a[Milano] :$bArnoldo Mondadori Editore,$c1965. 300 $a197 p. ;$c19 cm. 700 1 $aDe Bosis, Lauro.$0(OLS)http://semarc/name/62961 830 0$aOscar ;$v33.$0(OLS)http://semarc/title/8669 850 $aSeMil 852 $aSeMil$W1$xVenegono$y1$m1W II 211$j270883$B118543$CSeMilBibl$Z2$F129411 $81 961 $aRecupero: Altro 996 $6245$aIl ponte di San Luis Rey$9(OLS)http://semarc/title/239454 996 $6260$a[Milano] :$bArnoldo Mondadori Editore$9(OLS)http://semarc/publisher/29634